00676nam a2200253 a 4500001001300000003000900013005001700022008004100039020001000080082001700090100001500107245001600122260003700138300000900175500003500184505001000219650001700229650001300246700001500259902000800274942000700282952011800289999001500407nice12345678IN_TiNIC20260116012958.0050524s1981 enga grp 000 0 eng  ac10000a955.054bHUN aHunt, Paul aInside Iran aEnglandbLion Publicationsc1981 a159p aincludes index and biblioraphy2 aIndex aIran-History aKhomeini1 aHunt, Paul bSRS cBK 001040708StackRoom-aHMIbHMId2007-05-29g100.00l0o955.054 HUNp011457r2007-05-29v100.00w2005-05-24yBK c9141d9141